Get the Picture: Which Decade - The '60s or '70s? Quiz Stats

 Plays Quiz Updated Mar 22, 2019

Score 0/15 Timer 03:00
0 Plays Today
Question Answer Wrong Answers
Martin Luther King delivers his famed 'I Have A Dream' speech at the March on Washington The 1960s
93.5%
The 1970s
3.3%
The first Woodstock concert takes place near Bethel, New York The 1960s
88.9%
The 1970s
8%
Margaret Thatcher assumes power as Prime Minister of the United Kingdom The 1970s
86.5%
The 1960s
10.2%
The Gulf of Tonkin incident occurs, launching the U.S. into the Vietnam War The 1960s
84.8%
The 1970s
11.8%
Pong, one of the first commercially successful video games, is released The 1970s
84.4%
The 1960s
12.5%
The first E-mail message is sent The 1970s
83.8%
The 1960s
12.9%
The first child to be born via in vitro fertilization, occurs in England The 1970s
79.7%
The 1960s
17.1%
Construction of World Trade Center North and South Towers is completed The 1970s
77.2%
The 1960s
19.6%
The Camp David Accords are signed brokering peace between Egypt and Israel The 1970s
77.1%
The 1960s
19.5%
Two Boeing 747s collide in Tenerife, Canary Islands, killing 583 people – the worst aviation disaster on record The 1970s
74.6%
The 1960s
22.2%
The combined oral contraceptive pill or 'The Pill' is approved for use in the United States The 1960s
71.4%
The 1970s
25.3%
The book, 'The Feminine Mystique,' by Betty Friedan, is published The 1960s
71.3%
The 1970s
25.3%
At the Mexico City Summer Olympic Games, Tommie Smith & John Carlos raise their fists in a salute against injustice The 1960s
70.4%
The 1970s
26.2%
The Second Vatican Council in Rome takes place The 1960s
70.4%
The 1970s
26.6%
The Beatles release their final album and disband shortly after The 1970s
64.9%
The 1960s
32%

Today's Daily Dose

Missing Word
Banned Books (A-Z)

Word Ladder
Janis Joplin

Get the Picture
Occupations

You're not logged in!

Compare scores with friends on all Sporcle quizzes.
OR
Log In

Sporcle TV

Today on Sporcle TV


Watch our educational content, quiz creation guides, and fun videos on Sporcle TV.

Show Comments

Extras

Top Quizzes Today


Score Distribution

Your Account Isn't Verified!

In order to create a playlist on Sporcle, you need to verify the email address you used during registration. Go to your Sporcle Settings to finish the process.

Report this User

Report this user for behavior that violates our Community Guidelines.

Details: